| 000 | 00774nam a22002417a 4500 | ||
|---|---|---|---|
| 003 | 0 | ||
| 005 | 20241113160712.0 | ||
| 008 | 241113b xxu||||| |||| 00| 0 eng d | ||
| 020 | _a978-971-00227-4-8 | ||
| 050 |
_aTR LB 2840.2 _bK69 2010 |
||
| 082 |
_aTR 371.3 _bK69 2010 |
||
| 100 | _aKnight, Lizette F. | ||
| 245 |
_aTeacher care : _bproper holistic wellness _cLizette F. Knight, Anne K. Windus. |
||
| 260 |
_aMakati City : _bChurch Strengthening Ministry, Inc., _cc2010. |
||
| 300 |
_a315 p. : _bill. ; _c18 cm. |
||
| 650 |
_aTeachers _vJob stress. |
||
| 650 |
_aTeachers _vMental health. |
||
| 650 |
_aTeaching _vPsychological aspects. |
||
| 650 | _aStress management. | ||
| 650 | _aTeachers, Training of. | ||
| 700 |
_aWindus, Anne K., _eauthor. |
||
| 942 |
_2ddc _cBK |
||
| 999 |
_c366702 _d366702 |
||